Famous people #1 - Statistics

General Stats
  • This quiz has been taken 167 times
  • The average score is 17 of 20
Answer Stats
Picture Answer % Correct
Barack Obama
99%
Albert Einstein
98%
Adolf Hitler
96%
Queen Elizabeth
96%
Joe Biden
93%
Elvis Presley
91%
John Kennedy
91%
Will Smith
91%
Marilyn Monroe
90%
Michael Jackson
88%
Michael Jordan
86%
Tom Hanks
86%
Rowan Atkinson
84%
Tiger Woods
84%
Ronald Reagan
83%
Prince Diana
81%
Che Guevara
78%
Steve Irwin
75%
Michael Schumacher
53%
Don Bradman
25%
No matching quizzes found
Score Distribution
Percent of People with Each Score
Percentile by Number Answered
Your Score History
You have not taken this quiz